'Lost' Surnames Quiz Stats

 Plays Quiz Updated Feb 4, 2020

Support Sporcle.
Go Orange.
Score 0/25 Timer 04:00
0 Plays Today
% Correct
Locke
86.9%
Shephard
84.9%
Rousseau
81.6%
Faraday
79.6%
Kwon
78.6%
Linus
77.5%
Reyes
76.4%
Austen
74.1%
Widmore
72.8%
Ford
69.4%
Hume
68.7%
Jarrah
67.7%
Lapidus
66%
% Correct
Alpert
63.7%
Littleton
60.9%
Cortez
55.1%
Goodspeed
52.8%
Burke
52.7%
Dawson
52.7%
Chang
51.4%
Keamy
48.7%
Pace
48.5%
Rutherford
44%
Hawking
43.1%
Nadler
36.7%

You're not logged in!

Compare scores with friends on all Sporcle quizzes.
OR
Log In
Forgot?

From the Vault

Smarter Than the Average Sporcler? II

by MSUKent

Even if you're just average, spelling has to count for something.
Remove Ads.
Support Sporcle.
Get the best of Sporcle when you Go Orange. This ad-free experience offers more features, more stats, and more fun while also helping to support Sporcle. Thank you for becoming a member.

Show Comments

Extras

Top Quizzes Today


Score Distribution

Your Account Isn't Verified!

In order to create a playlist on Sporcle, you need to verify the email address you used during registration. Go to your Sporcle Settings to finish the process.

Report this User

Report this user for behavior that violates our Community Guidelines.

Details: